LEADER 01244nam a2200253 i 4500 001 000000232781 003 CaOOAMICUS 005 20140904000000.0 008 140904s2014 it u000 u ita u 013 $a211684 020 $a978-88-7263-473-8 040 $aSeMil$bita 100 1 $aPoletti, Ugo .$0(OLS)http://semarc/name/22759 245 10$aDa una finestra romana :$buno sguardo retrospettivo...dal vero : ricordi e documenti in un tempo difficile di transizione (1914-1995) /$cUgo Poletti. 260 $aRoma :$bViverein,$c2014. 300 $a464 p. :$bill. ;$c24 cm. 650 4$aChiesa - Storia - Sec. 19.-20.$0(OLS)http://semarc/subject/1028 650 4$aChiesa cattolica - Storia - Sec. 19.-20.$0(OLS)http://semarc/subject/34735 850 $aSeMil 852 $aSeMil$W1$xVenegono$y1$m3A IV 301$j183127$B183127$CSeMilBibl$Z2$F194963 $81 961 $aOmaggio: Delpini mons. Mario 996 $6020$a978-88-7263-473-8$9(OLS)http://semarc/number/236493 996 $6245$aDa una finestra romana :$buno sguardo retrospettivo...dal vero : ricordi e documenti in un tempo difficile di transizione (1914-1995)$9(OLS)http://semarc/title/332122 996 $6260$aRoma :$bViverein$9(OLS)http://semarc/publisher/32339 LEADER 00876nam a2200217 i 4500 001 000000070326 003 CaOOAMICUS 005 20080814000000.0 008 080814s1959 gw u000 u ger u 013 $a41498 040 $aSeMil$bita 100 1 $aTillich, Paul Johannes,$d<1886-1965>.$0(OLS)http://semarc/name/1471 245 10$aFrühe Hauptwerke /$cPaul Tillich. 250 $a2. Aufl. 260 $aStuttgart :$bEvangelisches Verlagswerk,$c1959. 300 $a444 p. ;$c23 cm. 773 0 $aTillich, Paul Johannes <1886-1965>$tGesammelte Werke.$dStuttgart : Evangelisches Verlagswerk, 1959-$g1$w()14932 850 $aSeMil 852 $aSeMil$W1$xVenegono$y1$m2M II 155$j270960$B36479$CSeMilBibl$Z2$F36482 $81 996 $6245$aFrühe Hauptwerke$9(OLS)http://semarc/title/112848 996 $6260$aStuttgart :$bEvangelisches Verlagswerk$9(OLS)http://semarc/publisher/34036